| 000 | 00539nam a2200169 i 4500 | ||
|---|---|---|---|
| 001 | 149220 | ||
| 003 | ES-MaACL | ||
| 005 | 20230906203014.0 | ||
| 007 | t| | ||
| 008 | 071019s1969 sp ||||1| spa d | ||
| 100 | 1 |
_aVelasco Alonso, Angel. _9113742 |
|
| 245 | 1 | 3 |
_aLa ley de sociedades anónimas _b: anotaciones y concordancias / _cAngel Velasco Alonso ; prólogo de Antonio Polo. |
| 260 |
_aBarcelona : _bAriel, _c[1969] |
||
| 300 |
_aXLI, 659 p. ; _c21 cm. |
||
| 700 | 1 |
_aPolo, Antonio. _992854 |
|
| 852 |
_aES-MaACL _jC-39580 _bR.71912 |
||
| 999 |
_c149220 _d149220 |
||